000 00822nam a2200229 a 4500
001 000024214
005 20200930022820.0
008 110120s1991 sp r 001 0 spa d
020 _a8471666812
040 _aDO-SdBNP
_bspa
_cBNPHU
082 _axxxxx
_bS624s
100 1 _aSivananda, Suami
_949736
245 1 0 _aSenda divina :
_b(de Ahimsa a la muerte) /
_cSuami Sivananda ; traductor Jesús Greus.
260 _aMadrid :
_bEDAF,
_c1991.
300 _a332 p. ;
_c20.5 cm.
500 _aEn la portada: un libro de ensayos espirituales sobre el sublime propósito de la vida humana y los medios para su logro
500 _aIncluye referencia biográfica del autor en la contracubierta.
500 _aIncluye índice alfabético.
534 _aBliss divine.
700 1 _aGreus, Jesús,
_etr.
_949737
049 _aBNGR
999 _c23708
_d23708